Cost accounting

Bibliographic Details
Main Authors: Heitger, Lester E. (Author), Matulich, Serge (Author), Ogan, Pekin , 1936- (Author)
Format: Book
Published: Cincinnati, Ohio : South-Western , c1992
Edition:2nd ed
Subjects:

MARC

LEADER 00000cam a2200000 7i4500
001 0000019113
005 20210722093000.0
008 021119s1992
020 |a 053881764X 
090 0 0 |a HF5686.C8   |b H385 1992 
100 0 |a Heitger, Lester E. ,   |e author 
245 1 0 |a Cost accounting   |c Les Heitger, Pekin Ogan, Serge Matulich 
250 |a 2nd ed 
260 2 |a Cincinnati, Ohio :   |b South-Western ,   |c c1992 
300 |a xxiv, 1081 p. ;   |c 24 cm. 
500 |a Includes index 
650 0 |a Cost accounting 
700 1 |a Matulich, Serge ,   |e author 
700 1 |a Ogan, Pekin ,   |d 1936- ,   |e author 
999 |a 1000012453   |b Book   |c OPEN SHELF (30 DAYS)   |e Gong Badak Campus